Подробности
| 000 -МАРКЕР |
| контрольное поле |
02294nam2a2200229 4500 |
| 001 - ИДЕНТИФИКАТОР ЗАПИСИ |
| контрольное поле |
RU\NLR\BIBL_A\011361617 |
| 005 - ИДЕНТИФИКАТОР ВЕРСИИ |
| контрольное поле |
20250626052440.0 |
| 035 ## - ДРУГИЕ СИСТЕМНЫЕ НОМЕРА |
| Идентификатор записи |
(NLR Aleph) 011361617 |
| 100 ## - ДАННЫЕ ОБЩЕЙ ОБРАБОТКИ |
| Данные общей обработки |
20170405d1977 |||y0rusy50 ca |
| 101 0# - ЯЗЫК РЕСУРСА |
| Язык текста, звукозаписи и т.д. |
русский |
| 102 ## - СТРАНА ПУБЛИКАЦИИ ИЛИ ПРОИЗВОДСТВА |
| Страна публикации |
Российская Федерация |
| 105 ## - ПОЛЕ КОДИРОВАННЫХ ДАННЫХ: ТЕКСТОВЫЕ МАТЕРИАЛЫ, МОНОГРАФИЧЕСКИЕ |
| Кодированные данные о монографическом текстовом документе |
y|||g|||000zy |
| 200 0# - ЗАГЛАВИЕ И СВЕДЕНИЯ ОБ ОТВЕТСТВЕННОСТИ |
| Основное заглавие |
Ч. 2 |
| 210 ## - ПУБЛИКАЦИЯ, РАСПРОСТРАНЕНИЕ И ДР. |
| Дата издания, распространения и т.д. |
1977 |
| Место издания, распространения и т.д. |
Б. м. |
| 215 ## - ФИЗИЧЕСКАЯ ХАРАКТЕРИСТИКА |
| Специфическое обозначение материала и объем |
157 с. |
| 461 #0 - УРОВЕНЬ НАБОРА |
| Встроенное поле |
001RU\NLR\BIBL_A\011362691 |
| -- |
2001#$aИммунология некоторых инфекционных заболеваний (коклюша, парококлюша, стафилококковых инфекций, кандидамикоза, гриппа), бронхиальной астмы, рассеяного склероза и экспериментального энцефаломиелита$eотечественная литература, 1970-1976 гг. (выборочно)$eбиблиографический указатель$fРостовский государственный медицинский институт, Кафедра микробиологии санитарно-гигиенического, факультета, Научная библиотека$g[составители: Р.И. Авророва и другие$gнаучный редактор: профессор Е.П. Москаленко]$vЧ. 2 |
| Системный номер (АБИС) связанной записи |
11306855 |
| Место публикации |
Ростов-на-Дону |
| Дата публикации |
1977 |
| Первые сведения об ответственности |
Ростовский государственный медицинский институт, Кафедра микробиологии санитарно-гигиенического, факультета, Научная библиотека |
| Имя издателя, распространителя и т.д. |
[б. и.] |
| Сведения, относящиеся к заглавию |
отечественная литература, 1970-1976 гг. (выборочно) : библиографический указатель |
| Заглавие |
Иммунология некоторых инфекционных заболеваний (коклюша, парококлюша, стафилококковых инфекций, кандидамикоза, гриппа), бронхиальной астмы, рассеяного склероза и экспериментального энцефаломиелита |
| Номер тома |
Ч. 2 |
| 942 ## - ДОПОЛНИТЕЛЬНЫЕ ЭЛЕМЕНТЫ ЗАПИСИ (АБИС) |
| Тип экземпляра АБИС |
Книга |
| 980 ## - КОЛЛЕКЦИЯ |
| Название коллекции |
Национальная библиография |